000
00226nam a2200097Ia 4500
008
190216s9999||||xx |||||||||||||| ||und||
100
_a
P K Raja Rajavarma
245
0
_a
Kunchiyammayude Chinthakal
260
_b
Null
942
_c
BK
999
_c
24676
_d
24676